000 00372nam a2200145 i 4500
001 bg
100 1 _aALBIŃSKA, Danuta
245 0 _aZbiór zadań z wytrzymałości materiałów /
_cDanuta Albińska. T.1.
260 _aKraków,
_c1979.
040 _cBPK
041 _apol
080 _a539.3/.6(075.8)(076)
942 _cKS
008 s pl f |000 0 pol
999 _c18479
_d18479
856 _uhttp://koha.tu.koszalin.pl/cgi-bin/koha/opac-detail.pl?biblionumber=18479
_yKatalog online BPK